Effect of different levels of N, P and K on growth of immature rubber in lower Brahmaputra valley of Assam (Record no. 51604)

MARC details
000 -LEADER
fixed length control field 00585nam a2200205Ia 4500
100 ## - MAIN ENTRY--AUTHOR NAME
Personal name Singh R.P.
245 #0 - TITLE STATEMENT
Title Effect of different levels of N, P and K on growth of immature rubber in lower Brahmaputra valley of Assam
260 ## - PUBLICATION, DISTRIBUTION, ETC. (IMPRINT)
Name of publisher Indian Journal of Natural Rubber Research
Year of publication 1999
300 ## - PHYSICAL DESCRIPTION
Number of Pages 108-111
650 ## - SUBJECT ADDED ENTRY--TOPICAL TERM
Topical Term Assam
650 ## - SUBJECT ADDED ENTRY--TOPICAL TERM
Topical Term Growth
650 ## - SUBJECT ADDED ENTRY--TOPICAL TERM
Topical Term Immature rubber
650 ## - SUBJECT ADDED ENTRY--TOPICAL TERM
Topical Term NPK fertilizer
650 ## - SUBJECT ADDED ENTRY--TOPICAL TERM
Topical Term Soil analysis
700 ## - ADDED ENTRY--PERSONAL NAME
Personal name Chaudhuri D.
700 ## - ADDED ENTRY--PERSONAL NAME
Personal name Mandal D.
700 ## - ADDED ENTRY--PERSONAL NAME
Personal name Sarma A.C.
942 ## - ADDED ENTRY ELEMENTS (KOHA)
Koha item type Bibliography STAF
Holdings
Withdrawn status Lost status Damaged status Not for loan Home library Current library Date acquired Serial Enumeration / chronology Koha item type
      Bibliography RRII Library RRII Library 09/04/2014 Volume 12, Issue 1&2 Bibliography STAF